000 00843nam a2200229Ii 4500
003 JO-AjNU
008 230605s9999||||xx |||||||||||||| ||und||
017 _a1997/12/1818
040 _aJO-AjNU
_bara
_erda
_cJO-AjNU
041 _aara
050 1 4 _aKMM460.B336.1998
100 3 _aالبحر ، ممدوح خليل,
_eauthor
_925226
245 0 0 _aمبادئ قانون أصول المحاكمات الجزائية الأردني
250 _aط1
264 3 1 _aعمان : مكتبة دار الثقافة ، 1998
300 _a402ص
336 _atext
_btxt
_2rdacontent
337 _aunmediated
_bn
_2rdamedia
338 _avolume
_bnc
_2rdacarrier
490 0 _aالمكتبة القانونية (206)
650 4 _aالقانون الجنائى -- الأردن -- قانون الإجراءات الجنائية -- الأردن
_925227
999 _aA9407
_c12975
_d12975